000 00604nam a2200205 a 4500
005 20140310183221.0
008 030917s19uu xx 00 eng d
020 _a0470800666
050 _aG 155.A1
_b.W379 2002
100 _aWeaver, David
245 _aTourism management /
_cDavid Weaver.
260 _aAustralia :
_bJohn Wiley & Sons, Australia, ltd,
_c2002.
300 _axvi, 480p. :
_bill. ;
_c25 cm.
521 _aTOU
650 _aTourism
_xAustralia
_xMarketing
650 _aTourism
_xAustralia
_xManagement
650 _aEcotourism
_xAustralia
942 _cBK
_2lcc
_kFOR
999 _c20322
_d20322